Sports Quiz

Random Sports Quiz
Score 0/10 Timer 02:00
0 Plays Today
Question Answer Wrong Answers
Crvena zvezda je u finišu meča protiv CSKA promašila veliku priliku. Ko je bio u šansi koja je mogla da eliminiše Moskovljane? Aleksandar Pešić
73.8%
Nemanja Radonjić
8%
Luka Adžić
3.2%
El Fardu Ben
11.9%
Pogodak za evropsko proleće, na meču protiv Kelna u Beogradu, postigao je? Slavoljub Srnić
68.9%
Ričmond Boaći
18.3%
Luka Adžić
1%
Nemanja Milić
4.3%
Koliki je bio ukupan rezultat u dvomeču protiv Krasnodara? 4:4
57.5%
2:1 za Zvezdu
5.4%
5:5
9.5%
4:3 za Zvezdu
27.3%
Koji od ovih timova nije bio Zvezdin protivnik na putu do grupne faze Lige Evrope? Spartak Trnava
51.6%
Florijana
12.2%
Irtiš
25.1%
Sparta Prag
11%
Jedan od ovih timova nije postigao gol protiv Crvene zvezde u sezoni 17/18. Koji? Sparta Prag
51.3%
Florijana
12.1%
Irtiš
12.1%
BATE Borisov
19.5%
Ko je isključen na meču grupne faze protiv Arsenala? Milan Rodić
44.5%
Marko Gobeljić
17.7%
Filip Stojković
18.2%
Vujadin Savić
18.8%
Koji fudbaler je igrao sa Zvezdom grupnu fazu, ali je prodat pre nokaut faze? Gelor Kanga
39.3%
Slavoljub Srnić
8.1%
Nenad Krstičić
24.9%
Aleksandar Pešić
15.2%
Na koliko utakmica u grupnoj fazi je Crvena zvezda sačuvala mrežu? Četiri
38%
Dva
26.5%
Tri
27.3%
Pet
6.1%
Ko je postigao prvi gol Zvezde u grupnoj fazi Lige Evrope? Nemanja Radonjić
37%
Slavoljub Srnić
19.8%
Ričmond Boaći
33.5%
Aleksandar Pešić
9.1%
Milan Borjan je stigao u klub kada su kvalifikacije već počele. Ko je bio golman na prvim mečevima kvalifikacije? Filip Manojlović
36.4%
Damir Kahriman
28.4%
Nemanja Supić
6.6%
Zoran Popović
9.3%
Remove Ads.
Support Sporcle.
Get the best of Sporcle when you Go Orange. This ad-free experience offers more features, more stats, and more fun while also helping to support Sporcle. Thank you for becoming a member.

You're not logged in!

Compare scores with friends on all Sporcle quizzes.
OR
Log In

Show Comments

Extras

Created Dec 4, 2020ReportNominate

Top Quizzes Today


Score Distribution

Your Account Isn't Verified!

In order to create a playlist on Sporcle, you need to verify the email address you used during registration. Go to your Sporcle Settings to finish the process.

Report this User

Report this user for behavior that violates our Community Guidelines.

Details: